Sports Quiz

Random Sports or Letter Quiz

Basketball Hall of Famer by Letter Quiz Stats

 Plays Quiz Updated Sep 8, 2018

Challenge
Share
Tweet
Embed
Score 0/23 Timer 06:00
0 Plays Today
Letter Hall of Famer % Correct
JJeanette...
96.9%
BBarkley...
91.1%
MMalone...
85.6%
RRamsey...
84.2%
CCervi...
80%
WWachter...
78.3%
AAbdul-Jabbar...
77.1%
PPage...
76.2%
EEdwards...
76%
SSabonis...
68.1%
TTatum...
67.1%
DDalipagic...
62.1%
Letter Hall of Famer % Correct
GGale...
58.9%
OOlajuwon...
58.5%
HHagan...
56.9%
KKrause...
42.7%
UUnseld
42.1%
IIssel...
32.4%
FFoster...
31.9%
NNash...
30.9%
LLanier...
28.9%
YYardley
8.8%
VVandivier
2.1%

You're not logged in!

Compare scores with friends on all Sporcle quizzes.
OR
Log In

You Might Also Like...

Show Comments

Extras

Top Quizzes Today


Score Distribution

Your Account Isn't Verified!

In order to create a playlist on Sporcle, you need to verify the email address you used during registration. Go to your Sporcle Settings to finish the process.

Report this User

Report this user for behavior that violates our Community Guidelines.

Details: